Intercultural concept of global products
Charakteristika a vymedzenie pojmu globalizácia so zreteľom k rozdielom v chápaní globálneho a interkultúrneho marketingu. Výhody a nevýhody globalizácie vo vzťahu k podniku, možnosti uplatňovania štandardizácie resp. adaptácie.
Na minha lista:
| Autor principal: | |
|---|---|
| Outros Autores: | |
| Formato: | Capítulo de Livro |
| Idioma: | inglês |
| Assuntos: | |
| Tags: |
Sem tags, seja o primeiro a adicionar uma tag!
|
MARC
| LEADER | 00000naa a2200000 4500 | ||
|---|---|---|---|
| 001 | 0150694 | ||
| 005 | 20231128131211.6 | ||
| 041 | 0 | |a eng | |
| 044 | |a CZ | ||
| 245 | 1 | 0 | |a Intercultural concept of global products |c Miroslava Heczková, Michal Stoklasa |
| 520 | |a Charakteristika a vymedzenie pojmu globalizácia so zreteľom k rozdielom v chápaní globálneho a interkultúrneho marketingu. Výhody a nevýhody globalizácie vo vzťahu k podniku, možnosti uplatňovania štandardizácie resp. adaptácie. | ||
| 610 | 2 | 0 | |a marketing |
| 610 | 2 | 0 | |a podnik |
| 610 | 2 | 0 | |a globalizácia |
| 610 | 2 | 0 | |a marketing mix |
| 100 | 1 | |a Heczková, Miroslava | |
| 700 | 1 | |a Stoklasa, Michal | |